<?xml version="1.0" encoding="UTF-8"?>
<record
    xmlns:xsi="http://www.w3.org/2001/XMLSchema-instance"
    xsi:schemaLocation="http://www.loc.gov/MARC21/slim http://www.loc.gov/standards/marcxml/schema/MARC21slim.xsd"
    xmlns="http://www.loc.gov/MARC21/slim">

  <leader>00857nam a22002057a 4500</leader>
  <controlfield tag="003">BDDh-ASL</controlfield>
  <controlfield tag="005">20231015031244.0</controlfield>
  <controlfield tag="008">211002s922     b  ||||| |||| 00| 0 b   d</controlfield>
  <datafield tag="040" ind1=" " ind2=" ">
    <subfield code="c">BDDh-ASL</subfield>
  </datafield>
  <datafield tag="041" ind1=" " ind2=" ">
    <subfield code="a">bengali </subfield>
  </datafield>
  <datafield tag="082" ind1=" " ind2=" ">
    <subfield code="a">922</subfield>
    <subfield code="b">BAP</subfield>
  </datafield>
  <datafield tag="100" ind1="1" ind2=" ">
    <subfield code="a">&#x9AC;&#x9BE;&#x9A8;&#x9C1; &#x9B8;&#x9C8;&#x9AF;&#x9BC;&#x9A6;&#x9BE; &#x9B8;&#x9C1;&#x9B2;&#x9A4;&#x9BE;&#x9A8;&#x9BE; </subfield>
    <subfield code="9">7664</subfield>
  </datafield>
  <datafield tag="245" ind1="1" ind2="0">
    <subfield code="a">&#x9AA;&#x981;&#x99A;&#x9BE;&#x9B6;&#x9BF; &#x993; &#x9B9;&#x9AF;&#x9B0;&#x9A4; &#x9B6;&#x9BE;&#x9B9; &#x986;&#x9B2;&#x9C0; &#x9AC;&#x9CB;&#x997;&#x9A6;&#x9BE;&#x9A6;&#x9C0; (&#x9B0;&#x9BE;.)-&#x98F;&#x9B0; &#x99C;&#x9C0;&#x9AC;&#x9A8;&#x9C0; /</subfield>
  </datafield>
  <datafield tag="246" ind1=" " ind2=" ">
    <subfield code="a">Pachasi O Hazrat Shah Ali Bogdadi (R.)-er Jiboni. </subfield>
  </datafield>
  <datafield tag="260" ind1=" " ind2=" ">
    <subfield code="a">&#x9A2;&#x9BE;&#x995;&#x9BE;: </subfield>
    <subfield code="b">&#x986;&#x9B9;&#x9AE;&#x9A6; &#x9AA;&#x9BE;&#x9AC;&#x9B2;&#x9BF;&#x9B6;&#x9BF;&#x982; &#x9B9;&#x9BE;&#x989;&#x9B8;, </subfield>
    <subfield code="c">&#x9E8;&#x9E6;&#x9E6;&#x9E7;&#x964; </subfield>
  </datafield>
  <datafield tag="300" ind1=" " ind2=" ">
    <subfield code="a">&#x9EE;&#x9EB; &#x9AA;&#x9C3;&#x9B7;&#x9CD;&#x9A0;&#x9BE;, : </subfield>
    <subfield code="c">&#x9E8;&#x9E8; &#x9B8;&#x9C7;. &#x9AE;&#x9BF;. </subfield>
    <subfield code="b">&#x99B;&#x9AC;&#x9BF;; </subfield>
  </datafield>
  <datafield tag="600" ind1="1" ind2="0">
    <subfield code="a">&#x9AC;&#x9CB;&#x997;&#x9A6;&#x9BE;&#x9A6;&#x9C0; (&#x9B0;&#x9BE;.), &#x9B9;&#x9AF;&#x9B0;&#x9A4; &#x9B6;&#x9BE;&#x9B9; &#x986;&#x9B2;&#x9C0; </subfield>
    <subfield code="9">7665</subfield>
  </datafield>
  <datafield tag="650" ind1=" " ind2="0">
    <subfield code="a">Biography (&#x99C;&#x9C0;&#x9AC;&#x9A8;&#x9C0;) </subfield>
    <subfield code="9">7666</subfield>
  </datafield>
  <datafield tag="942" ind1=" " ind2=" ">
    <subfield code="2">ddc</subfield>
    <subfield code="c">BK</subfield>
  </datafield>
  <datafield tag="952" ind1=" " ind2=" ">
    <subfield code="0">0</subfield>
    <subfield code="1">0</subfield>
    <subfield code="2">ddc</subfield>
    <subfield code="4">0</subfield>
    <subfield code="7">0</subfield>
    <subfield code="8">NFIC</subfield>
    <subfield code="a">ASL</subfield>
    <subfield code="b">ASL</subfield>
    <subfield code="c">GEN</subfield>
    <subfield code="d">2023-03-25</subfield>
    <subfield code="e">ASB Library Collection</subfield>
    <subfield code="l">0</subfield>
    <subfield code="o">922 BAP</subfield>
    <subfield code="p">119946</subfield>
    <subfield code="r">2023-03-25 00:00:00</subfield>
    <subfield code="t">C-1</subfield>
    <subfield code="w">2023-03-25</subfield>
    <subfield code="y">BK</subfield>
  </datafield>
  <datafield tag="999" ind1=" " ind2=" ">
    <subfield code="c">31305</subfield>
    <subfield code="d">31305</subfield>
  </datafield>
</record>
